|
|
|
|
| LEADER |
00000nam0a2200000 4500 |
| 001 |
278378 |
| 005 |
20231101235116.0 |
| 020 |
|
|
|a RU
|b 86-22919
|
| 035 |
|
|
|a (RuTPU)RU\TPU\book\301655
|
| 090 |
|
|
|a 278378
|
| 100 |
|
|
|a 20141211d1986 m y0rusy5003 ca
|
| 101 |
0 |
|
|a rus
|
| 102 |
|
|
|a RU
|
| 105 |
|
|
|a y j 001zy
|
| 200 |
0 |
|
|a Ч. 1
|
| 210 |
|
|
|d 1986
|
| 215 |
|
|
|a 92 с.
|
| 320 |
|
|
|a Библиогр.: с. 90-92
|
| 461 |
|
|
|t Римановы поверхности и нелинейные уравнения
|o учебное пособие
|f Б. А. Дубровин
|g Московский государственный университет им. М. В. Ломоносова (МГУ)
|v Ч. 1
|d 1986
|
| 606 |
1 |
|
|a Римановы поверхности
|2 stltpush
|3 (RuTPU)RU\TPU\subj\49497
|9 68289
|
| 606 |
1 |
|
|a Нелинейные уравнения
|2 stltpush
|3 (RuTPU)RU\TPU\subj\45335
|9 64585
|
| 610 |
1 |
|
|a координаты
|
| 610 |
1 |
|
|a точки
|
| 610 |
1 |
|
|a ветвления
|
| 610 |
1 |
|
|a монодромия
|
| 610 |
1 |
|
|a мероморфные функции
|
| 610 |
1 |
|
|a дифференциалы
|
| 610 |
1 |
|
|a теорема Римана-Роха
|
| 610 |
1 |
|
|a теорема Абеля
|
| 610 |
1 |
|
|a многообразия
|
| 610 |
1 |
|
|a учебные пособия
|
| 675 |
|
|
|a 517.545(075.8)
|z rus
|v 4
|
| 675 |
|
|
|a 517.957(075.8)
|z rus
|v 4
|
| 801 |
|
0 |
|a RU
|b RuMRKP
|c 19950704
|g psbo
|
| 801 |
|
1 |
|a RU
|b 63413507
|c 20141211
|
| 801 |
|
2 |
|a RU
|b 63413507
|c 20170411
|g RCR
|
| 942 |
|
|
|c BK
|